El idioma del Nuevo testamento: Gramática, estilística y diccionario estadístico del Griego bíblico
Salvato in:
| Autore principale: | |
|---|---|
| Natura: | Libro |
| Lingua: | spagnolo |
| Pubblicazione: |
Burgos
Aldecoa
1981
|
| Edizione: | 3a. ed |
| Soggetti: | |
| Tags: |
Aggiungi Tag
Nessun Tag, puoi essere il primo ad aggiungerne!!
|
MARC
| LEADER | 00000nam a2200000 a 4500 | ||
|---|---|---|---|
| 001 | UCG6262 | ||
| 003 | CL-VaPUC | ||
| 005 | 20250102111409.0 | ||
| 008 | 110414e19810000SP |||||||||||||||||spa|d | ||
| 999 | |c 344536 |d 344534 | ||
| 020 | |a 8470091085 | ||
| 040 | |c Pontificia Universidad Católica de Valparaíso | ||
| 082 | 0 | 4 | |a 487.4 GUE 1981 |2 21 |
| 100 | |a Guerra Gómez, Manuel |e autor |9 591728 | ||
| 245 | 1 | 3 | |a El idioma del Nuevo testamento: Gramática, estilística y diccionario estadístico del Griego bíblico |
| 250 | |a 3a. ed | ||
| 260 | |a Burgos |b Aldecoa |c 1981 | ||
| 300 | |a 418 p | ||
| 583 | |a last modification |c 20110414 00:00:00 |k Rodrigo Vera | ||
| 650 | 0 | |a Gramática griega |9 322490 | |
| 650 | 7 | |a GRIEGO |2 CL-VaPUC |9 317586 | |
| 650 | 0 | |a Sintaxis |9 318843 | |
| 650 | 0 | |a Nuevo testamento |9 257604 | |
| 942 | |c BK |2 ddc | ||
| 945 | |d 20110414 00:00:00 |a dcastane | ||
| 952 | |0 0 |1 0 |2 ddc |4 0 |6 487_400000000000000_GUE_1981 |7 0 |8 A |9 442559 |a BIBTEO |b BIBTEO |d 2019-11-22 |i 4764498 |l 1 |o 487.4 GUE 1981 |p 4764498 |r 2025-01-17 |s 2024-11-12 |w 2019-11-22 |y BK |k ICR | ||